Statistiques concernant Application par image / logo ●1

Cliquez ici pour prendre le quiz!

Statistiques générales

  • Ce quiz a été pris 553 fois
  • Le résultat moyen est 12 sur 17

Statistiques - réponses

Réponse% Correct
Instagram
100%
Amazon
98%
Netflix
96%
Snapchat
96%
Youtube
96%
BeReal
93%
WhatsApp
93%
Gmail
89%
Play store
82%
Twitch
78%
Threads
53%
Home
51%
Échecs
44%
Animation digital network
32%
Kick
27%
Wakanim
23%
Manga plus
19%

Distribution des résultats

Percentile par nombre de réponses

% des personnes avec chaque résultat

Votre développement - résultats

Vous n’avez pas pris ce quiz